000 00659nam a22001817a 4500
005 20251108174744.0
008 250721s2008 xx 000 0 ara d
082 1 4 _a956.0664/صلا
100 1 _aالصلابي، علي محمد
_eمؤلف
245 1 0 _aالأيوبيون بعد صلاح الدين و الحملات الصليبية من الرابعة إلى السابعة /
264 1 _aالثاهرة :
_bابن الجوزي،
_c2008.
300 _a560ص.
490 0 _aموسوعة الحروب الصليبية:4
650 1 7 _aالتاريخ الإسلامي
650 1 7 _aالأيوبيون 1252-1174
942 _2ddc
_cBK
999 _c117202
_d117202